| 000 | 02353nam0a2200433 4500 | ||
|---|---|---|---|
| 001 | RU\NLR\BIBL_A\012039947 | ||
| 005 | 20190716141243.0 | ||
| 010 |
_a978-5-6041882-9-3 _950 |
||
| 021 |
_aRU _bКН-П-19-039391 _9КН-П-19-2887 |
||
| 035 | _a(NLR Aleph) 012039947 | ||
| 035 | _a(RuMoRGB)009993085 | ||
| 090 |
_a11596022 _c11596022 |
||
| 100 | _a20190620d2019 k y0rusy50 ca | ||
| 101 | 0 | _arus | |
| 102 | _aRU | ||
| 105 | _a||||zzzz0||zy | ||
| 200 | 1 |
_aУправление в условиях глобальных мировых трансформаций: экономика, политика, право _dManagement in the conditions of the global world transformations: economics, politics, law _eсборник научных трудов _fФГАОУ ВО "Крымский федеральный университет имени В. И. Вернадского", Севастопольский экономико-гуманитарный институт (филиал) ФГАОУ ВО "Северо-Кавказский федеральный университет" _g[редакционная коллегия: Лазницкая Наталья Фёдоровна и др.] _zeng |
|
| 210 |
_aСевастополь _cРибест _d2019 |
||
| 215 |
_a563 с. _cил., табл. _d29 |
||
| 300 | _aРез. англ. | ||
| 320 | _aБиблиогр. в конце ст. | ||
| 510 | 1 |
_aManagement in the conditions of the global world transformations: economics, politics, law _zeng |
|
| 606 | 1 |
_aЭкономика _jСборники _91414491 _3RU\NLR\AUTH\66284709 |
|
| 606 | 1 |
_aПраво _jСборники _9894779 _3RU\NLR\AUTH\664055 |
|
| 606 | 1 |
_aУправление _jСборники _xСоциально-психологические исследования _91489492 _3RU\NLR\AUTH\66639629 |
|
| 610 | 0 | _aэкономика | |
| 610 | 0 | _aполитика | |
| 610 | 0 | _aправо | |
| 686 | 1 | _aУ.я43 | |
| 686 | 1 | _aХ.я43 | |
| 686 | 1 | _aС550.373я43 | |
| 702 | 1 |
_aЛазицкая _bН. Ф. _gНаталья Федоровна _4340 |
|
| 712 | 0 | 2 |
_4570 _aСевастопольский экономико-гуманитарный институт _9522051 _3RU\NLR\AUTH\880428787 |
| 942 | _cBOOK | ||
| 980 | _aNBR | ||
| 980 | _aNB | ||